Most Popular Girl Baby Name in Australia (2010s) - Statistics

General Stats
  • This quiz has been taken 143 times
  • The average score is 26 of 40
Answer Stats
Hint Answer % Correct
O Olivia
95%
Z Zoe
89%
C Charlotte
87%
I Isabella
87%
I Isabelle
87%
E Emily
85%
E Emma
84%
S Sophia
84%
A Ava
82%
C Chloe
81%
S Sophie
81%
A Amelia
80%
M Mia
80%
E Ella
77%
G Grace
75%
H Hannah
74%
S Sarah
71%
L Lily
70%
Z Zara
69%
I Isla
65%
L Lucy
65%
W Willow
64%
E Eva
62%
E Evelyn
62%
J Jessica
61%
G Georgia
59%
R Ruby
57%
I Ivy
55%
H Harper
52%
A Abigail
51%
A Alice
51%
M Maya
49%
E Evie
44%
M Mila
44%
J Jasmine
43%
S Scarlett
41%
S Sienna
40%
L Layla
38%
A Audrey
32%
M Matilda
26%
No matching quizzes found
Score Distribution
Percent of People with Each Score
Percentile by Number Answered
Your Score History
You have not taken this quiz